000
00286nam a2200133Ia 4500
100
_a
Gear/ C.W.
942
_c
BK
654
_a
Computer
245
_a
Computer organization & programming
260
_b
McGraw Hill
_a
Singapore
_c
1985
300
_a
413
546
_a
ENGLISH
999
_c
24558
_d
24558